000 00890nam a22002297a 4500
008 130821s2011 xxua gr eng
020 _a9780199563395
040 _aCO-BoUCM
_bspa
_cAngélica Rojas (modificó)
_dAldemar Mondragón
041 0 0 _aeng
100 1 _aMarney, John-Paul
_935787
245 1 0 _aCorporate finance for business
_cJohn-Paul Marney, Heather Tarbert
260 _aNueva York (Estados Unidos)
_bOxford University Press
_c2011
300 _axxii, 480 páginas
_bilustraciones, gráficas a color
504 _aIncluye referencias bibliográficas e índices
650 7 _aAdministración financiera
_935808
650 7 _aMercado financiero
_919348
650 7 _aPresupuesto de capital
_922254
690 _aAdministración de empresas
700 1 _aTarbert, Heather
_935788
942 _cLIBRO
_a16
_e1
_mM353c
_2DEWEY
_h658.15
999 _c165524
_d165524